000 01641cam a22001814a 4500
005 20250605164343.0
008 250528s ||||||||||||||||||||||||d
035 _a23735
040 _aGR-AtMCL
_bgre
_dGR-AtMCL
_eAACR2
245 1 _aΗ Τέχνη της Διαπραγμάτευσης/Η Τέχνη της Διαπραγμάτευσης στον Τομέα της Εμπορίας Τροφίμων
260 _c2012
300 _a34
520 _aΠερίληψη, Ευχαριστίες, Εισαγωγή, Γενικός Στόχος της Εργασίας, Ειδικότεροι Ερευνητικοί Στόχοι της Εργάσιας, Οργανισμός όπου Συγκεντρώθηκαν της Εργασίας, Η Σημασία της Έρευνας, Δομή της Εργασίας, Βιβλιογραφική Επισκόπηση, Ορισμός Διαπραγμάτευσης, Σκοπός της Διαπραγμάτευσης, Οι Στρατηγικές της Διαπραγμάτευσης, Οι Φάσεις της Διαπραγμάτευσης, Μεθοδολογίες - Προσεγγίσεις της Διαπραγμάτευτικής Τακτικής, Η Συναισθηματική Προσέγγιση, Η Αναζήτηση Προοπτικών, Προβλήματα κατά τη Διαδικασία, Συναισθήματα και Διαπραγμάτευση, Ανάλυση Στοιχείων - Αποτελέσματα, Μεθοδολογία, Συμπεράσματα.
700 1 _aΚατσιφώλης Γεώργιος Β
_99281
942 _cDS
999 _c8684
_d8684